GO Train Stations with a map - Statistics

General Stats
  • This quiz has been taken 219 times
  • The average score is 41 of 68
Answers on the Map
Answers color-coded by a green-red scale on the quiz's map according to % correct below.
 
Answer Stats
Line(s) Station % Correct
All Union
97%
Lakeshore West Niagara Falls
95%
Lakeshore West Hamilton
89%
Kitchener Kitchener
87%
Richmond Hill Richmond Hill
84%
Lakeshore East Oshawa
83%
Milton Milton
82%
Lakeshore West Burlington
79%
Lakeshore West Oakville
79%
Lakeshore East Ajax
77%
Kitchener Brampton
77%
Stouffville Markham
77%
Lakeshore West Exhibition
76%
Lakeshore East Pickering
76%
Lakeshore East / Stouffville Scarborough
76%
Stouffville Stouffville
76%
Barrie Newmarket
71%
Kitchener Guelph
70%
Lakeshore East Whitby
70%
Lakeshore West Long Branch
67%
Barrie Aurora
66%
Lakeshore West Mimico
65%
Lakeshore West Aldershot
64%
Stouffville Kennedy
64%
Lakeshore West Port Credit
63%
Lakeshore West Clarkson
61%
Kitchener Bloor
60%
Milton Kipling
58%
Lakeshore West Appleby
57%
Kitchener Bramalea
57%
Lakeshore West Bronte
57%
Lakeshore East / Stouffville Danforth
57%
Richmond Hill Old Cummer
57%
Lakeshore West St Catherines
57%
Stouffville Unionville
57%
Lakeshore West West Harbour
57%
Stouffville Agincourt
56%
Barrie King City
56%
Kitchener Weston
54%
Barrie Barrie South
53%
Barrie Downsview Park
53%
Kitchener Georgetown
53%
Lakeshore East Rouge Hill
53%
Lakeshore East Guildwood
52%
Kitchener Malton
52%
Lakeshore East Eglinton
51%
Stouffville Milliken
51%
Barrie Allandale Waterfront
50%
Barrie Maple
50%
Stouffville Mount Joy
50%
Kitchener Acton
49%
Milton Cooksville
49%
Milton Streetsville
49%
Milton Dixie
48%
Kitchener Etobicoke North
48%
Kitchener Mount Pleasant
48%
Barrie Bradford
47%
Barrie Rutherford
47%
Richmond Hill Oriole
46%
Barrie East Gwillimbury
44%
Richmond Hill Langstaff
44%
Milton Meadowvale
44%
Milton Lisgar
42%
Stouffville Centennial
40%
Richmond Hill Gormley
40%
Milton Erindale
39%
Barrie York University
37%
Stouffville Lincolnville
32%
No matching quizzes found
Score Distribution
Percent of People with Each Score
Percentile by Number Answered
Your Score History
You have not taken this quiz